Introduction to matrix theory : with applications to business and economics /

Bibliographic Details
Main Author: Szidarovszky, Ferenc (Author)
Other Authors: Molnár, Sándor, Dr
Format: Book
Language:English
Published: River Edge, N.J. : World Scientific, [2002]
Series:Series on concrete and applicable mathematics ; v. 3.
Subjects:
Online Access:Table of contents
Table of contents

MARC

Tag First Indicator Second Indicator Subfields
LEADER 00000cam a22000004i 4500
001 in00004816513
008 010824s2002 njua b 001 0 eng
005 20240808200249.9
010 |a  2001046664 
035 |a (OCoLC)ocm47892467  
040 |a DLC  |b eng  |e rda  |c DLC  |d BAKER  |d BTCTA  |d YDXCP  |d MUQ  |d IG#  |d DEBBG  |d EXW  |d OCLCF  |d OCLCQ  |d OCLCO  |d AU@  |d OCLCO  |d OCLCQ  |d OCLCO  |d OKS  |d OCLCO  |d NKM  |d OCLCO  |d OCLCL  |d OCLCQ 
020 |a 9810245041 
020 |a 9789810245047 
020 |a 9810245130  |q (pbk.) 
020 |a 9789810245139  |q (pbk.) 
029 1 |a AU@  |b 000022963008 
029 1 |a DEBBG  |b BV014110579 
029 1 |a IG#  |b 9789810245047 
029 1 |a IG#  |b 9789810245139 
029 1 |a NZ1  |b 6481497 
029 1 |a YDXCP  |b 1723062 
029 1 |a YDXCP  |b 1723063 
035 |a (OCoLC)47892467 
042 |a pcc 
050 0 0 |a QA188  |b .S95 2002 
082 0 0 |a 512.9/434  |2 21 
084 |a QH 140  |2 rvk 
084 |a SK 220  |2 rvk 
084 |a MAT 150f  |2 stub 
049 |a MAIN 
100 1 |a Szidarovszky, Ferenc,  |e author 
245 1 0 |a Introduction to matrix theory :  |b with applications to business and economics /  |c Ferenc Szidarovszky, Sándor Molnár. 
264 1 |a River Edge, N.J. :  |b World Scientific,  |c [2002] 
264 4 |c ©2002 
300 |a ix, 501 pages :  |b illustrations ;  |c 24 cm. 
336 |a text  |b txt  |2 rdacontent 
337 |a unmediated  |b n  |2 rdamedia 
338 |a volume  |b nc  |2 rdacarrier 
490 1 |a Series on concrete and applicable mathematics ;  |v v. 3 
504 |a Includes bibliographical references (pages 495-496) and index. 
505 0 0 |t Vectors and Matrices --  |t Comparison of Matrices --  |t Elementary Matrix Algebra --  |t Inverse of a Matrix --  |t Vector Spaces and Inner-Product Spaces --  |t Subspaces --  |t Linear Independence, Basis --  |t Inner-Product Spaces --  |t Direct Sums and Orthogonal Complementary Subspaces --  |t Applications --  |t Systems of Linear Equations and Inverses of Matrices --  |t Existence and Uniqueness of a Solution --  |t Systems of Homogeneous Linear Equations --  |t Systems of Inhomogeneous Linear Equations --  |t Rank of Matrices --  |t Matrix Equations and Inverses of Matrices --  |t The Elimination Method --  |t Applications --  |t Determinants --  |t Properties of Determinants --  |t Cofactors and Expansion by Cofactors --  |t Determinants and Systems of Linear Equations --  |t Further Examples and Applications --  |t Linear Mappings and Matrices --  |t Vector Coordinates --  |t Linear Mappings --  |t The Vector Space of Linear Mappings --  |t Multiplication of Linear Mappings, and Inverses --  |t Matrix Representations of Linear Mappings --  |t Coordinates and Matrix Representation in a New Basis --  |t Applications --  |t Eigenvalues, Invariant Subspaces, Canonical Forms --  |t Matrix Polynomials --  |t The Construction of Invariant Subspaces --  |t Diagonal and Triangular Forms --  |t The Jordan Canonical Form --  |t Complexification --  |t Special Matrices --  |t Diagonal, Tridiagonal, and Triangular Matrices --  |t Idempotent and Nilpotent Matrices --  |t Matrices in Inner Product Spaces --  |t Definite Matrices --  |t Nonnegative Matrices --  |t Elements of Matrix Analysis --  |t Vector Norms --  |t Matrix Norms. 
590 |b TAG Physical Holdings 2 
650 0 |a Matrices.  |0 http://id.loc.gov/authorities/subjects/sh85082210 
650 6 |a Matrices. 
650 7 |a Matrices  |2 fast 
650 7 |a Matrizentheorie  |2 gnd 
700 1 |a Molnár, Sándor,  |c Dr.  |1 https://id.oclc.org/worldcat/entity/E39PCjFDXtGd99JH8Hf33xcKFq  |0 http://id.loc.gov/authorities/names/n86050853 
830 0 |a Series on concrete and applicable mathematics ;  |v v. 3.  |0 http://id.loc.gov/authorities/names/no2001065027 
856 4 1 |3 Table of contents  |u http://bvbr.bib-bvb.de:8991/F?func=service&doc_library=BVB01&doc_number=009667724&line_number=0001&func_code=DB_RECORDS&service_type=MEDIA  |t 0 
856 4 1 |3 Table of contents  |u http://bvbr.bib-bvb.de:8991/F?func=service&doc_library=BVB01&local_base=BVB01&doc_number=009667724&line_number=0001&func_code=DB_RECORDS&service_type=MEDIA  |t 0 
938 |a Baker & Taylor  |b BKTY  |c 94.00  |d 94.00  |i 9810245041  |n 0003628729  |s active 
938 |a Baker and Taylor  |b BTCP  |n 2001046664 
938 |a Ingram  |b INGR  |n 9789810245139 
938 |a YBP Library Services  |b YANK  |n 1723063 
994 |a 92  |b TAG 
852 |a TAG  |b TAGC  |c galv,stk  |h QA188 .S95 2002  |t c.1 
876 |c 78.00  |p 33620001015102  |x Acc# 2003-1310  |v unmediated -- volume 
999 f f |s dc486ac3-3554-458d-a590-c97464a85cfb  |i 506d57a8-15be-42cd-9bf8-8a7c06c05156  |t 0 
952 f f |p normal  |a Texas A&M University  |b Galveston Campus  |c Jack K. Williams Library  |d Galveston Stacks  |t 0  |e QA188 .S95 2002  |h Library of Congress classification  |i unmediated -- volume  |m 33620001015102 
998 f f |a QA188 .S95 2002  |t 0  |l Galveston Stacks